| 000 | 00515nam a2200181Ia 4500 | ||
|---|---|---|---|
| 003 | GCL | ||
| 008 | 140319s9999 xx 000 0 ara d | ||
| 040 |
_aGCL / _cGCL |
||
| 082 | 0 | 4 |
_a657.837 _bى ا |
| 100 | 1 | _aيوسف محمد حافظ | |
| 245 | 1 | 0 |
_aادارة وفن الماكولات والمشروبات / _cيوسف محمد حافظ |
| 490 | _a | ||
| 650 | 0 | 4 | _aالفنادق |
| 650 | 0 | 4 | _aادارة الفنادق |
| 650 | 0 | 4 | _aالمشروبات |
| 650 | 0 | 4 | _aالمأكولات |
| 942 |
_2ddc _cBK |
||
| 999 |
_c41293 _d41293 |
||